00858cam a2200229 a 45000010005000000030008000050050017000130080039000300200030000690350018000990400032001170410008001490820026001571000034001832450187002172600039004043000032004435040041004756500040005166510047005567000025006035740BD-RjUL20211208234123.0140107s1992 coua b 000 0 eng a0813384338 (alk. paper) : a(BD-RjUL)5779 aDLCcDLCdDLCdBD-RjULbeng aeng00a338.973220bLAB 19921 aLall, Betty G.q(Betty Goetz)10aBuilding a peace economy :bopportunities and problems of post-cold war defense cuts /cBetty G. Lall and John Tepper Marlin, with Eugene Chollick and Domenick Bertelli ... [et al.]. aBoulder :bWestview Press,cc1992. ax, 294 p. :bill. ;c23 cm. aIncludes bibliographical references. 0aEconomic conversionzUnited States. 0aUnited StatesxEconomic policyy1981-1993.1 aMarlin, John Tepper.